00844nam a2200265 a 4500001001300000003000900013005001700022008004100039020002500080082001800105100002300123245006800146260004700214300000900261500003500270505001500305650002300320650002100343650004000364700002300404902000800427942000700435952011900442999001700561nice12345678IN_TiNIC20260116013849.0050524s1975 chia grp 000 0 eng  a0916256 c318.500a294.5514bWAD aWadley, Susan Snow aShaktib Power in the Conceptual Structure of Karimpur Religion aChicagobUniversity of Chicago Pressc1975 a222p aincludes index and biblioraphy2 aReferences aShaktaism-Hinduism aHinduism-Rituals aKarimpur-India-Religious Life & Cus1 aWadley, Susan Snow bSRS cBK 001040708StackRoom-aHMIbHMId2007-07-24g318.50l0o294.5514 WADp019327r2007-07-24v318.50w2005-05-24yBK c12850d12850